00849nam a2200181 a 450000100100000000500170001000800410002704000250006824500780009324600430017126000540021430000270026850400280029595201110032395201050043495201110053999900170065000004346320201002040933.0140319s2013 dr a 000 0 spa d aDO-SdBNPbspacBNPHU00aAgenda Feminista Dominicana :bmás allá de los objetivos del milenio.11aAgenda Feminista Dominicanab2014-2020 aSanto Domingo, :bFondo Feminista,c2013.fBúho a75 p. :bil. ;c21 cm. aBibliografía p: 69-75 0010718DSaGRbGRcCTd2014-03-19iLF1l0o p43463-30r2020-06-25te. 3w2020-06-25yLFDSZNo se presta 0010718PDaPDbPDcCTd2014-03-19iLF1l0o p43463-10r2020-06-25w2020-06-25yLFPDZNo se presta 0010718PDaPDbPDcCTd2014-03-19iLF1l0o p43463-20r2020-06-25te. 2w2020-06-25yLFPDZNo se presta c42952d42952